书目信息 |
| 题名: |
热力学
|
|
| 作者: | 圆山重直 主编 ;张信荣 , 王世学 编译 | |
| 分册: | ||
| 出版信息: | 北京 北京大学出版社 2021.7 |
|
| 页数: | 198页 | |
| 开本: | 29cm | |
| 丛书名: | ||
| 单 册: | ||
| 中图分类: | O414.1 | |
| 科图分类: | ||
| 主题词: | 热力学--高等学校--教材 , 热力学 | |
| 电子资源: | ||
| ISBN: | 978-7-301-19509-3 | |
| 000 | 01474nam0 2200337 45 | |
| 001 | 012001003031 | |
| 005 | 20141010161633.0 | |
| 010 | @a978-7-301-19509-3@dCNY49.00 | |
| 096 | @aO414@bysz | |
| 100 | @a20120105d2011 em y0chiy50 ea | |
| 101 | 1 | @achi@cjpn |
| 102 | @aCN@b110000 | |
| 105 | @aa z 001yy | |
| 106 | @ar | |
| 200 | 1 | @a热力学@b专著@f(日)圆山重直主编@g张信荣,王世学等编译@Are li xue |
| 210 | @a北京@c北京大学出版社@d2021.7 | |
| 215 | @a198页@c图@d29cm | |
| 300 | @a机械工程类专业系列教材 | |
| 300 | @a并列题名:Thermodynamics | |
| 305 | @a日本机械学会(日本·东京新宿区)的授权编译出版 | |
| 312 | @a封面英文题名:Thermodynamics | |
| 330 | @a本书共分10章。第1章讲述学习热力学的意义、历史背景以及本书的使用方法;第2章是热力学基本概念和热力学第零定律;第3章和第4章分别讲述热力学第一定律和第二定律及相关内容;第5章讲述的是各种能源有效利用与炯之间的关系以及如何才能有效利用能源;第6章是热力学的一般关系式;第7章是从热力学的角度出发,讲述了化学反应和燃烧,包括与之相关的环境、能源问题;第8章是与能源转换密切相关的气体循环;第9章是蒸汽热力学循环;第10章讲述的是各种制冷热力学循环和空气调节方面的内容。 | |
| 510 | 1 | @aThermodynamics@zeng |
| 606 | 0 | @a热力学@x高等学校@j教材 |
| 606 | 0 | @a热力学 |
| 690 | @aO414.1@v4 | |
| 701 | 0 | @c(日)@a圆山重直@4主编@Ayuan shan zhong zhi |
| 702 | 0 | @a张信荣@4编译@Azhang xin rong |
| 702 | 0 | @a王世学@f(1964~)@4编译@Awang shi xue |
| 801 | 2 | @aCN@bBJSDL@c20211018 |
| 905 | @b1351239-41@dO414.1@e125@f3 | |
| 热力学/(日)圆山重直主编/张信荣,王世学等编译.-北京:北京大学出版社,2021.7 |
| 198页:图;29cm |
| 机械工程类专业系列教材.-并列题名:Thermodynamics |
| ISBN 978-7-301-19509-3:CNY49.00 |
| 本书共分10章。第1章讲述学习热力学的意义、历史背景以及本书的使用方法;第2章是热力学基本概念和热力学第零定律;第3章和第4章分别讲述热力学第一定律和第二定律及相关内容;第5章讲述的是各种能源有效利用与炯之间的关系以及如何才能有效利用能源;第6章是热力学的一般关系式;第7章是从热力学的角度出发,讲述了化学反应和燃烧,包括与之相关的环境、能源问题;第8章是与能源转换密切相关的气体循环;第9章是蒸汽热力学循环;第10章讲述的是各种制冷热力学循环和空气调节方面的内容。 |
| ● |
| 相关链接 |
|
|
|
|
正题名:热力学
索取号:O414.1/125
 
预约/预借
| 序号 | 登录号 | 条形码 | 馆藏地/架位号 | 状态 | 备注 |
| 1 | 1351239 | 213512395 | 第二样本阅览室/ [索取号:O414.1/125] | 在馆 | |
| 2 | 1351240 | 213512402 | 第三借阅区/ [索取号:O414.1/125] | 在馆 | |
| 3 | 1351241 | 213512411 | 第三借阅区/ [索取号:O414.1/125] | 在馆 |